| 000 | 01285nam a22003610a 4500 | ||
|---|---|---|---|
| 001 | PT7705 | ||
| 003 | AR-LpoUNG | ||
| 005 | 20210131232219.0 | ||
| 008 | 191001s1997||||ag |||||||||||||||||spa d | ||
| 020 |
_a9509122491 _c$6.53 |
||
| 040 |
_aAR-LpoUNG _bspa _cAR-LpoUNG _eaacr |
||
| 041 | _aspa | ||
| 044 | _aag | ||
| 082 | 0 | _a982.064 376aut | |
| 100 | 1 | _aCavarozzi, Marcelo | |
| 245 | 1 | 0 |
_aAutoritarismo y democracia 1955-1983 : _bla transición del Estado al mercado en la Argentina |
| 250 | _a1§ edición | ||
| 260 |
_aBuenos Aires : _bAriel, _coctubre de 1997. |
||
| 300 |
_a261 p. : _btbls. |
||
| 520 | _aEste libro abarca los años que van desde 1955 hasta 1996. En estas cuatro décadas la Argentina ha transitado por gobiernos militares y ha emprendido la construcción de una democracia cada vez más sólida. Al análisis de las etapas indicadas se ha agregado un nuevo capítulo que analiza los cambios acontecidos entre 1983 y 1996. | ||
| 650 | 4 | _aASPECTOS POLITICOS | |
| 650 | 4 | _aDEMOCRACIA | |
| 650 | 4 | _aDESARROLLO POLITICO | |
| 650 | 4 | _aDICTADURA | |
| 650 | 4 | _aESTABILIDAD POLITICA | |
| 650 | 4 | _aGOBIERNO | |
| 650 | 4 | _aPOLITICA | |
| 650 | 4 | _aPOLITICOS | |
| 650 | 4 | _aSISTEMAS POLITICOS | |
| 651 | 4 | _aArgentina | |
| 905 | _a7705 | ||
| 942 | _cLIB | ||
| 999 |
_c14376 _d14376 |
||